QUEST Central Library Banner

Electronic Devices and Circuit Theory (Record no. 6774)

MARC details
000 -LEADER
fixed length control field 00581nam a2200205 a 4500
020 ## - INTERNATIONAL STANDARD BOOK NUMBER
ISBN 0135026490 (hardcover)
020 ## - INTERNATIONAL STANDARD BOOK NUMBER
ISBN 9780135026496 (hardcover)
082 ## - DEWEY DECIMAL CLASSIFICATION NUMBER
Classification number 621.3815BOY
100 1# - MAIN ENTRY--AUTHOR NAME
Personal name Boylestad, Robert L.
245 10 - TITLE STATEMENT
Title Electronic Devices and Circuit Theory
250 ## - EDITION STATEMENT
Edition statement 10th ed.
260 ## - PUBLICATION, DISTRIBUTION, ETC. (IMPRINT)
Place of publication New Delhi
Name of publisher Prentice Hall,
Year of publication 2009.
300 ## - PHYSICAL DESCRIPTION
Number of Pages 912 p. ;
650 ## - SUBJECT ADDED ENTRY--TOPICAL TERM
Topical Term Electronic circuits
650 ## - SUBJECT ADDED ENTRY--TOPICAL TERM
Topical Term Electronic apparatus and appliances
650 ## - SUBJECT ADDED ENTRY--TOPICAL TERM
Topical Term Electronics
700 1# - ADDED ENTRY--PERSONAL NAME
Personal name Nashelsky, Louis.
856 40 - ELECTRONIC LOCATION AND ACCESS
Uniform Resource Identifier http://10.10.170.122:8080/browse/book/1471
942 ## - ADDED ENTRY ELEMENTS (KOHA)
Koha item type Books
Holdings
Withdrawn status Lost status Home library Current library Date acquired Cost, normal purchase price Full call number Accession Number Koha item type
    Central Library, QUEST, Nawabshah Central Library, QUEST, Nawabshah 16/06/2014 1112.00 621.39153BOY 44098 Books
    Central Library, QUEST, Nawabshah Central Library, QUEST, Nawabshah 28/10/2015 1510.00 621.39153BOY 52358 Books
    Central Library, QUEST, Nawabshah Central Library, QUEST, Nawabshah 28/10/2015 1510.00 621.39153BOY 52359 Books
    Central Library, QUEST, Nawabshah Central Library, QUEST, Nawabshah 28/10/2015 1510.00 621.39153BOY 52360 Books
    Central Library, QUEST, Nawabshah Central Library, QUEST, Nawabshah 28/10/2015 1510.00 621.39153BOY 52361 Books
    Central Library, QUEST, Nawabshah Central Library, QUEST, Nawabshah 28/10/2015 1510.00 621.39153BOY 52362 Books
    Central Library, QUEST, Nawabshah Central Library, QUEST, Nawabshah 30/10/2015 1510.00 621.39153BOY 52559 Books
    Central Library, QUEST, Nawabshah Central Library, QUEST, Nawabshah 30/10/2015 1510.00 621.39153BOY 52560 Books
    Central Library, QUEST, Nawabshah Central Library, QUEST, Nawabshah 30/10/2015 1510.00 621.39153BOY 52561 Books
    Central Library, QUEST, Nawabshah Central Library, QUEST, Nawabshah 30/10/2015 1510.00 621.39153BOY 52562 Books
    Central Library, QUEST, Nawabshah Central Library, QUEST, Nawabshah 30/10/2015 1510.00 621.39153BOY 52563 Books

Copyright © 2018,The QUEST, Nawabshah, Shaheed Benazirabad. All rights reserved
Mr. G. Farooq Channar (Librarian) QUEST, Nawabshah, Sindh, Pakistan 67480.
 Ph#: |   0244-9370381-4 Ext. 2308   Email| lib@quest.edu.pk   Web|  http://www.quest.edu.pk